Czy wiesz gdzie gra ten zawodnik? | Piłka Nożna - Statystyki

Ogólne statystyki
  • Ten quiz został rozwiązany 11 954 razy
  • Średni wynik to 9 z 16
Statystyki odpowiedzi
Hint Odpowiedź % Poprawnych
Neymar Jr PSG
99%
Kepa Chelsea
83%
Sergio Aguero Manchester City
81%
Jordi Alba FC Barcelona
79%
Paul Pogba Manchester United
70%
Jakub Błaszczykowski Wisła Kraków
65%
Koke Atletico Madryt
62%
Luca Zidane Real Madryt
59%
Matthijs de Ligt Ajax Amsterdam
56%
Bernd Leno Arsenal
53%
Mateusz Klich Leeds United
52%
Alban Lafont Fiorentina
44%
Andres Iniesta Vissel Kobe
32%
Łukasz Piszczek Borrusia Dortmund
30%
Rafał Siemaszko Arka Gdynia
26%
Bartłomiej Drągowski Empoli
18%
Nie znaleziono quizów pasujących do podanych kryteriów
Rozkład punktacji
Procent ludzi z każdym wynikiem
Percentyl według liczby udzielonych odpowiedzi
Twoja historia wyników
Nie rozwiązałeś tego quizu